Perarakan Hari Kebangsaaan

Bibliographic Details
Main Author: Muhammad bin Harun
Format: Book
Published: Selangor : Penerbitan Orkid , 2006
Series:Siri delima empat sekawan
Subjects:

MARC

LEADER 00000cam a2200000 7i4500
001 0000000330
005 20151222.0
008 070629
020 |a 9838914282(set) 
090 0 0 |a JF   |b MAL (529) 
100 0 |a Muhammad bin Harun 
245 1 0 |a Perarakan Hari Kebangsaaan   |c Muhammad bin Harun 
260 |a Selangor :   |b Penerbitan Orkid ,   |c 2006 
440 |a Siri delima empat sekawan 
500 |a Children ages 7-9 years old (orange) 
650 0 |a Children's stories, Malay 
999 |a 0000920343   |b Book   |c Children Collection   |e Cawangan Bukit Gambir 
999 |a 0000920344   |b Book   |c Children Collection   |e Cawangan Bukit Gambir 
999 |a 0000920345   |b Book   |c Children Collection   |e Cawangan Bukit Gambir 
999 |a 0000930353   |b Book   |c Children Collection   |e Cawangan Tangkak 
999 |a 0000930354   |b Book   |c Children Collection   |e Cawangan Tangkak 
999 |a 0000930355   |b Book   |c Children Collection   |e Cawangan Tangkak 
999 |a 0000957784   |b Book   |c Children Collection   |e Cawangan Muar 
999 |a 0000957785   |b Book   |c Children Collection   |e Perbadanan Perpustakaan Awam Johor 
999 |a 0000957786   |b Book   |c Children Collection   |e Cawangan Pontian 
999 |a 0000957787   |b Book   |c Children Collection   |e Cawangan Bandar Tenggara 
999 |a 0000957788   |b Book   |c Children Collection   |e Perbadanan Perpustakaan Awam Johor 
999 |a 0001146793   |b Book   |c Children Collection   |e Cawangan Segamat